Pokémon - Statistiques (4) - Statistiques

Statistiques générales
  • Ce quiz a été pris 27 fois
  • Le résultat moyen est 22 sur 30
Statistiques - réponses
Question Tuile Select % Correct
Quel Pokémon possède la statistique de base en Vitesse la plus élevée ? Non
100%
Quel Pokémon possède la statistique de base en Défense la plus élevée ? Non
96%
Quel Pokémon possède la statistique de base en Défense la plus élevée ? Non
96%
Quel Pokémon possède la statistique de base en PV la plus élevée ? Non
96%
Quel Pokémon possède la statistique de base en Vitesse la plus élevée ? Non
96%
Quel Pokémon possède la statistique de base en Défense Spéciale la plus élevée ? Non
92%
Quel Pokémon possède la statistique de base en Défense la plus élevée ? Oui
92%
Quel Pokémon possède la statistique de base en Attaque la plus élevée ? Non
88%
Quel Pokémon possède la statistique de base en Attaque la plus élevée ? Non
88%
Quel Pokémon possède la statistique de base en Défense Spéciale la plus élevée ? Non
88%
Quel Pokémon possède la statistique de base en PV la plus élevée ? Non
85%
Quel Pokémon possède la statistique de base en Vitesse la plus élevée ? Oui
85%
Quel Pokémon possède la statistique de base en Vitesse la plus élevée ? Non
85%
Quel Pokémon possède la statistique de base en PV la plus élevée ? Non
81%
Quel Pokémon possède la statistique de base en Attaque Spéciale la plus élevée ? Non
73%
Quel Pokémon possède la statistique de base en Vitesse la plus élevée ? Non
73%
Quel Pokémon possède la statistique de base en Défense Spéciale la plus élevée ? Non
73%
Quel Pokémon possède la statistique de base en PV la plus élevée ? Oui
69%
Quel Pokémon possède la statistique de base en Vitesse la plus élevée ? Oui
69%
Quel Pokémon possède la statistique de base en Attaque la plus élevée ? Non
69%
Quel Pokémon possède la statistique de base en Attaque la plus élevée ? Non
62%
Quel Pokémon possède la statistique de base en Défense Spéciale la plus élevée ? Oui
62%
Quel Pokémon possède la statistique de base en PV la plus élevée ? Non
58%
Quel Pokémon possède la statistique de base en Attaque la plus élevée ? Oui
58%
Quel Pokémon possède la statistique de base en PV la plus élevée ? Oui
54%
Quel Pokémon possède la statistique de base en Attaque la plus élevée ? Oui
50%
Quel Pokémon possède la statistique de base en Défense Spéciale la plus élevée ? Non
46%
Quel Pokémon possède la statistique de base en Attaque Spéciale la plus élevée ? Non
42%
Quel Pokémon possède la statistique de base en Défense Spéciale la plus élevée ? Oui
38%
Quel Pokémon possède la statistique de base en Attaque Spéciale la plus élevée ? Oui
15%
Aucun quiz correspondant
Distribution des résultats
% des personnes avec chaque résultat
Percentile par nombre de réponses
Votre historique - résultats
Vous n’avez pas pris ce quiz